Fulham Squad 2020/21 - Statistics

General Stats
  • This quiz has been taken 38 times
  • The average score is 20 of 32
Answer Stats
Number Position Nation Player % Correct
1 GK France Alphonse Areola
94%
9 FW Serbia Aleksandar Mitrovic
88%
19 FW England Ademola Lookman
75%
29 MF Cameroon Andre-Frank Zambo Anguissa
75%
14 FW Jamaica Bobby Decordova-Reid
75%
24 MF Ivory Coast Jean-Michael Seri
75%
18 MF Gabon Mario Lemina
75%
13 DF United States Tim Ream
75%
10 MF Scotland Tom Cairney
75%
33 DF United States Antonee Robinson
69%
17 FW Portugal Ivan Cavaleiro
69%
2 DF Netherlands Kenny Tete
69%
12 GK Slovakia Marek Rodak
69%
22 ( Out on Loan ) DF Ireland Cyrus Christie
63%
4 DF Belgium Denis Odoi
63%
21 MF England Harrison Reed
63%
5 DF Denmark Joachim Andersen
63%
23 DF England Joe Bryan
63%
3 DF Jamaica Michael Hector
63%
7 FW DR Congo Neeskens Kebano
63%
15 MF England Ruben Loftus-Cheek
63%
11 ( Out on Loan ) FW France Anthony Knockaert
56%
31 GK Spain Fabricio
56%
6 MF Scotland Kevin McDonald
56%
34 DF Nigeria Ola Aina
56%
8 ( Out on Loan ) MF Norway Stefan Johansen
56%
47 FW France Aboubakar Kamara
50%
25 MF England Josh Onomah
50%
43 ( Out on Loan ) DF England Steven Sessegnon
50%
20 DF France Maxime Le Marchand
44%
30 DF Netherlands Terence Kongolo
44%
16 DF England Tosin Adarabioyo
44%
No matching quizzes found
Score Distribution
Percent of People with Each Score
Percentile by Number Answered
Your Score History
You have not taken this quiz